Vahlens Kompendium der Betriebswirtschaftslehre

Gespeichert in:
Bibliographische Detailangaben
Weitere Verfasser: Bitz, Michael
Format: Buch
Sprache:Deutsch
Veröffentlicht: München Vahlen 1993
Ausgabe:3. überarb. und erw. Aufl.
Schlagworte:
Tags: Tag hinzufügen
Keine Tags, Fügen Sie das erste Tag hinzu!

MARC

LEADER 00000nam a2200000 4500
001 c004091
005 20221206075211.8
020 |a 3-8006-1685-8 
041 0 |a ger 
044 |a DE 
245 1 0 |a Vahlens Kompendium der Betriebswirtschaftslehre  |c Edit. Michael Bitz 
250 |a 3. überarb. und erw. Aufl. 
264 1 |a München  |b Vahlen  |c 1993 
300 |a 642 s. 
610 2 0 |a hospodárstvo podnikové 
610 2 0 |a podnik 
610 2 0 |a stratégia podniková 
610 2 0 |a rozhodovanie podnikové 
610 2 0 |a výskum 
610 2 0 |a vývoj 
610 2 0 |a zásobovanie 
610 2 0 |a výroba 
610 2 0 |a marketing 
610 2 0 |a financovanie podnikov 
610 2 0 |a investície 
610 2 0 |a personalistika 
700 1 |a Bitz, Michael